1 Billion streams club : Selena Gomez - Statistics

General Stats
  • This quiz has been taken 59 times
  • The average score is 6 of 7
Answer Stats
Album Song Streams % Correct
Nine Track Mind(feat. Charlie Puth) We Don't Talk Anymore 2.6B
96%
Single(feat. Marshmello) Wolves 1.5B
91%
Rave & Roses(feat. Rema) Calm Down 1.8B
85%
Carte Blanche(feat. DJ Snake, Ozuna & Cardi B) Taki Taki 1.8B
77%
Stargazing(feat. Kygo) It Ain't Me 1.7B
74%
Rare Lose You To Love Me 1.4B
74%
13 Reasons Why Back To You 1.2B
60%
No matching quizzes found
Score Distribution
Percent of People with Each Score
Percentile by Number Answered
Your Score History
You have not taken this quiz